| 000 | 01152nam0a22002771 4500 | ||
|---|---|---|---|
| 001 | rc\3199259 | ||
| 005 | 20120628151637.6 | ||
| 021 |
_aRU _b[77-40651] |
||
| 035 | _a(NLR Aleph) 007354167 | ||
| 090 |
_a6240250 _c6240250 |
||
| 100 | _a20120628d1976 |||y0rusy50 ca | ||
| 101 | 0 | _arus | |
| 102 | _aRU | ||
| 105 | _aa z ||||| | ||
| 200 | 1 |
_aМикроэлементы в минералах _e[Сборник статей] _fАН СССР, Дальневост. науч. центр, Дальневост. геол. ин-т _g[Ред. коллегия: Г.Б. Левашев (отв. ред.) и др.] |
|
| 210 |
_aВладивосток _cДВНЦ АН СССР _d1976 |
||
| 215 |
_a112 с. _cил. _d26 |
||
| 320 | _aСписки лит. в конце статей | ||
| 606 |
_aМикроэлементы в минералах _jСборники _2psbo |
||
| 702 | 1 |
_aЛевашев _bГ. Б. _4340 |
|
| 712 | 0 | 2 |
_aДальневосточный геологический институт _cВладивосток _3RU\NLR\AUTH\8818276 |
| 801 | 0 |
_aRU _bNLR _gpsbo |
|
| 801 | 1 |
_aRU _bELAR _2rusmarc |
|
| 852 |
_aNLR _j77-7/1244 |
||
| 942 | _cBOOK | ||
| 980 | _aNB | ||